¿Por qué reprimen las democracias? : los determinantes de la violencia estatal en América Latina /
Gorde:
| Egile nagusia: | |
|---|---|
| Formatua: | Liburua |
| Hizkuntza: | gaztelania |
| Argitaratua: |
México :
Facultad Latinoamericana de Ciencias Sociales,
2010, c2010
|
| Saila: | (Dilemas de la Política en Latinoamérica)
|
| Gaiak: | |
| Etiketak: |
Etiketarik gabe, Izan zaitez lehena erregistro honi etiketa jartzen!
|
MARC
| LEADER | 00000nam^a2200000^a^4500 | ||
|---|---|---|---|
| 001 | 000303743 | ||
| 005 | 20250521000000.0 | ||
| 009 | 20260310112658.287 | ||
| 020 | |a 978-607-7629-34-4 | ||
| 037 | |a Acervo ITESO - Biblioteca | ||
| 041 | |a ESP | ||
| 082 | |a 320. 980 |b RIV | ||
| 100 | |a Rivera, Mauricio A. |e (autor) | ||
| 245 | 1 | 0 | |a ¿Por qué reprimen las democracias? : |b los determinantes de la violencia estatal en América Latina / |c M.A. Rivera. |
| 264 | 4 | |a México : |b Facultad Latinoamericana de Ciencias Sociales, |c 2010, c2010 | |
| 300 | |a 137 p. | ||
| 336 | |a texto |b txt |2 rdacontenido | ||
| 337 | |a sin mediación |b n |2 rdamedio | ||
| 338 | |a volumen |b nc |2 rdasoporte | ||
| 440 | 1 | |a (Dilemas de la Política en Latinoamérica) | |
| 649 | |a XX | ||
| 650 | |a Represión - |z Latinoamérica - |x Tema Principal | ||
| 650 | |a Violencia Política - |z Latinoamérica | ||
| 650 | |a Poder Político - |z Latinoamérica | ||
| 650 | |a Democracia - |z Latinoamérica | ||
| 650 | |a Sistema Político - |z Latinoamérica | ||
| 650 | |a Derechos Políticos - |z Latinoamérica | ||
| 650 | |a Derechos Humanos - |z Latinoamérica | ||
| 650 | |a Política - |z Latinoamérica - |x Historia - |y Siglo XX | ||
| 650 | |a Política - |z Latinoamérica - |x Historia - |y 2000-2009 | ||
| 650 | |a Política - |z Latinoamérica - |x Historia - |y Siglo XXI | ||
| 650 | |a Latinoamérica - |x Condiciones Políticas | ||
| 910 | |a Fondo General | ||
| 920 | |a Impresos - Libros | ||
| 930 | |a Colección General | ||
| 905 | |a 101 | ||
| 901 | |a 0500190048 |b IT1 |c ACC |i C124499 |u 20250521 | ||
| 902 | |a https://opac.biblio.iteso.mx/vufind/Record/000303743 | ||